| 000 | 00700cab a2200229 4500 | ||
|---|---|---|---|
| 001 | WB3434-16 | ||
| 008 | 090401t1998 xxu||||| |||| 00| 0 eng d | ||
| 035 | _a(Sirsi) u88330 | ||
| 041 | _aeng | ||
| 245 | _aLords reforms may stall Best Value | ||
| 260 | _c1998 | ||
| 350 | _a0 | ||
| 490 |
_aHousing Today _v(99) 3 September 1998, 1(1) |
||
| 520 | _aA debate on the shake-up of the House of Lords in the next parliamentary session, may stall the White Paper concerning Best Value by up to a year. | ||
| 650 | _aBEST VALUE | ||
| 650 | _aHOUSE OF LORDS | ||
| 650 | _aLOCAL AUTHORITY ORGANISATION | ||
| 650 | _aREFORM | ||
| 690 | _aECONOMIC AND SOCIAL | ||
| 942 | _n0 | ||
| 948 | _c07/09/1998 | ||
| 999 |
_c55790 _d55790 |
||